00442nam a2200133Ia 4500008004100000082001500041100003000056245011400086260003900200300001400239520001100253650002700264700001700291230907s9999||||xx |||||||||||||| ||und|| a620.1bTAH aTahir Javed (00000277727) 0aExperimental Investigation of Swirl Flow in a Ribbed Cylindrical Container using Particle Image Velocimetry / aUSPCAS-E, NUST,bIslamabad :c2022 axv, 70 p. aTH-423 aMS-TEE Thesis MSThesis aDr Majid Ali